Statistiques concernant Taylor Swift - The Tortured Poets Department

Cliquez ici pour prendre le quiz!

Statistiques générales

  • Ce quiz a été pris 45 fois
    (22 depuis la dernière actualisation)
  • Le résultat moyen est 14 sur 20

Statistiques - réponses

TrackTitre% Correct
6But Daddy I Love Him
95%
1Fortnight
95%
2The Tortured Poets Department
89%
12loml
84%
3My Boy Only Breaks His Favorite Toys
79%
5So Long, London
79%
16Clara Bow
74%
8Florida!!!
74%
10Who's Afraid of Little Old Me?
74%
4Down Bad
68%
20 (Bonus Track)The Black Dog
68%
14The Smallest Man Who Ever Lived
68%
9Guilty as Sin?
63%
13I Can Do It With a Broken Heart
63%
11I Can Fix Him (No Really I Can)
63%
15The Alchemy
63%
19 (Bonus Track)The Albatross
53%
18 (Bonus Track)The Bolter
53%
17 (Bonus Track)The Manuscript
53%
7Fresh Out the Slammer
47%

Distribution des résultats

Percentile par nombre de réponses

% des personnes avec chaque résultat

Votre développement - résultats

Vous n’avez pas pris ce quiz depuis la dernière actualisation